Every Country in World War Two (2.0) - Statistics

General Stats
  • This quiz has been taken 1,731 times
  • The average score is 58 of 85
Answer Stats
Date Entered Alliance Answer % Correct
9/1/1939 Axis Germany
98%
9/3/1939 Allies United Kingdom
97%
9/23/1940 Allies (In Exile) Free France
96%
6/25/1940 Axis (Puppet State) Vichy France
96%
9/3/1939 Allies France
95%
9/23/1943 Axis (Puppet State) Italian Social Republic
94%
6/10/1940 Axis Italy
94%
12/7/1941 (7/7/1937) Axis Japan
94%
9/1/1939 Allies Poland
94%
12/7/1941 Allies United States
94%
9/10/1939 Allies Canada
92%
12/9/1941(7/7/1937) Allies China
91%
12/7/1941(3/30/1940) Axis (Puppet State) Reorganized National Government of China
91%
4/9/1940 Allies Norway
90%
2/1/1942 Axis (Puppet State) Quisling Regime
90%
9/3/1939 Allies Australia
89%
5/10/1940 Allies Belgium
89%
11/30/1939 Other/Axis Finland
89%
12/1/1939 Eastern Allies (Puppet State) Finnish Democratic Republic
89%
5/10/1940 Allies Netherlands
89%
9/1/1939 Axis (Puppet State) Slovak Republic
88%
4/9/1940 Allies Denmark
86%
10/28/1940 Allies Greece
86%
4/30/1941 Axis (Puppet State) Hellenic State
86%
10/21/1943 Axis (Puppet State) Free India
85%
10/17/1944 Axis (Puppet State) Government of National Unity
85%
9/3/1939 Allies New Zealand
85%
6/22/1941 Axis Romania
85%
8/22/1942 Allies Brazil
82%
4/6/1941 Axis Bulgaria
82%
4/7/1941 Axis Hungary
81%
5/22/1942 Allies Mexico
81%
5/10/1940 Allies Luxembourg
80%
2/23/1945 Allies Turkey
79%
9/9/1940(9/3/1939) Allies Egypt
78%
4/6/1941 Allies Yugoslavia
78%
9/6/1939 Allies South Africa
77%
9/17/1939 Eastern Allies Soviet Union
76%
3/27/1945 Allies Argentina
75%
2/19/1942 Other Portugal
74%
1/25/1942 Axis Siam
73%
6/14/1940 Other Spain
73%
8/25/1941 Other/ Allies Iran
72%
5/2/1941 Axis Iraq
70%
1/20/1943 Allies Chile
69%
11/26/1943 Allies Colombia
69%
12/16/1941(3/16/1939) Allies (In Exile) Czechoslovakia
67%
9/14/1943 Axis (Puppet State) Kingdom of Albania
67%
12/9/1941 Allies Cuba
66%
2/12/1945 Allies Peru
66%
12/7/1941 Allies Panama
65%
2/15/1945 Allies Venezuela
65%
3/9/1945 Axis (Puppet State) Empire of Vietnam
64%
2/2/1945 Allies Ecuador
62%
12/8/1941 Allies Costa Rica
61%
12/8/1941 Allies Honduras
61%
12/8/1941 Eastern Allies Mongolia
61%
2/7/1945 Allies Paraguay
61%
2/15/1945 Allies Uruguay
61%
12/8/1941 Allies Guatemala
60%
12/8/1941 Allies Nicaragua
60%
12/8/1941 Allies El Salvador
59%
12/14/1942 Allies Ethiopia
59%
4/7/1943 Allies Bolivia
58%
5/10/1940 Other Iceland
58%
2/28/1945 Allies Saudi Arabia
56%
8/1/1943 Axis (Puppet State) State of Burma
56%
12/8/1941 Allies Dominican Republic
55%
12/8/1941 Allies Haiti
55%
4/10/1941 Axis (Puppet State) Independent State of Croatia
52%
8/29/1941 Axis (Puppet State) Government of National Salvation
51%
9/21/1944 Allies San Marino
51%
10/14/1943 Axis (Puppet State) Second Philippine Republic
51%
3/9/1945 Axis (Puppet State) Kingdom of Kampuchea
50%
4/??/1942 Axis (Puppet State) Lokot Autonomy
49%
11/11/1942 Allies Monaco
49%
9/4/1939 Allies Nepal
43%
12/21/1943 Axis (Puppet State) Belarusian Central Rada
34%
1/27/1944 Allies Liberia
29%
12/8/1941 Axis (Puppet State) Manchukuo
21%
6/22/1941 Eastern Allies Tuva
21%
9/1/1939 Allies Danzig
19%
12/7/1941(7/7/1937) Axis (Puppet State) Mengjiang
3%
11/12/1944 Eastern Allies (Puppet State) Second East Turkestan Republic
3%
4/12/1940 Other Faroe Islands
2%
No matching quizzes found
Score Distribution
Percent of People with Each Score
Percentile by Number Answered
Your Score History
You have not taken this quiz